00758cam a22002411 4500001001300000003000400013005001700017008004100034010001700075035002000092040001800112041001100130050002400141100005600165245006500221250001300286260004100299300002700340500007000367500005100437650001100488999001700499sa 68013644 DLC20260227112623.0890925s1960 io 000 0 ara  asa 68013644  a(OCoLC)23494036 aDLCcMiUdDLC0 aaraind00aBP135.A124bI5 19601 aBukhārī, Muḥammad ibn Ismāʻīl,d810-870.10aḤadith BukhārībDitardjamahkan oleh Wardie dan Djuman. aTjet. 6. aJogjakarta,bPenjiaran Islam,c1960. a2 v. (1250 p.)c25 cm. aArabic and Indonesian in parallel columns: Arabic text vocalized. aAn abridgment of al-Jāmiʻ al-ṣaḥīḥ. 0aHadith c85235d85235